书目信息 |
| 题名: |
深度强化学习
|
|
| 作者: | 普拉特 著 ;殷海英 , 殷海英 译 | |
| 分册: | ||
| 出版信息: | 北京 清华大学出版社 2024.06 |
|
| 页数: | 254页 | |
| 开本: | 24cm | |
| 丛书名: | ||
| 单 册: | ||
| 中图分类: | TP181 | |
| 科图分类: | ||
| 主题词: | 机器学习 | |
| 电子资源: | ||
| ISBN: | 978-7-302-65979-2 | |
| 000 | 01140nam0 2200301 450 | |
| 001 | 2535659910 | |
| 005 | 20250327095708.29 | |
| 010 | @a978-7-302-65979-2@dCNY79.80 | |
| 090 | @aTP18@bplt | |
| 096 | @aTP18@bplt | |
| 100 | @a20240801d2024 em y0chiy50 ea | |
| 101 | 1 | @achi@ceng |
| 102 | @aCN@b110000 | |
| 105 | @aa z 000yy | |
| 200 | 1 | @a深度强化学习@9shen du qiang hua xue xi@d=Deep reinforcement learning@f(荷)阿斯克·普拉特(Aske Plaat)著; 殷海英译@F(He)A Si Ke·Pu La Te(Aske Plaat)Zhu;Yin Hai Ying Yi@g殷海英译 |
| 210 | @a北京@c清华大学出版社@d2024.06 | |
| 215 | @a254页@c图@d24cm | |
| 330 | @a本书共十章,内容包括:简介、表格值为基础的强化学习、基于值的深度强化学习、基于策略的强化学习、基于模型的强化学习、多智能体强化学习、分层强化学习等。 | |
| 503 | @n河南城建学院图书馆 | |
| 510 | 1 | @aDeep reinforcement learning@zeng |
| 510 | 1 | @aDeep reinforcement learning |
| 606 | 0 | @a机器学习 |
| 690 | @aTP181@v5 | |
| 701 | 0 | @c(荷)@a普拉特@9pu la te@c(Plaat, Aske)@4著 |
| 702 | 0 | @a殷海英@9yin hai ying@4译 |
| 702 | 0 | @a殷海英@AYin Hai Ying@4译 |
| 801 | 0 | @aCN@bMuseLib.NET@c20240801 |
| 905 | @aZUCC@dTP181@eP906 | |
| 深度强化学习=Deep reinforcement learning/(荷)阿斯克·普拉特(Aske Plaat)著; 殷海英译/殷海英译.-北京:清华大学出版社,2024.06 |
| 254页:图;24cm |
| ISBN 978-7-302-65979-2:CNY79.80 |
| 本书共十章,内容包括:简介、表格值为基础的强化学习、基于值的深度强化学习、基于策略的强化学习、基于模型的强化学习、多智能体强化学习、分层强化学习等。 |
| ● |
| 相关链接 |
|
|
|
正题名:深度强化学习
索取号:TP181/P906
 
预约/预借
| 序号 | 登录号 | 条形码 | 馆藏地/架位号 | 状态 | 备注 |
| 1 | 1554846 | 215548469 | 计算机与数据科学学院资料室/ [索取号:TP181/P906] | 在馆 |